Исследование фотохимических процессов в азидах свинца и таллия методом термостимулированных токов ( ТСТ ); Химия и химическая технология; Вып. 1

Bibliografische gegevens
Parent link:Химия и химическая технология: сборник трудов молодых ученых/ Томский политехнический институт ; под ред. В. П. Лопатинского.— , 1973
Вып. 1.— 1973.— С. 195
Andere auteurs: Щеринский В. Л., Гаврищенко Ю. В., Савельев Г. Г. Геннадий Гаврилович, Тахтараков А. Н.
Taal:Russisch
Gepubliceerd in: 1973
Onderwerpen:
Formaat: MixedMaterials Hoofdstuk
KOHA link:https://koha.lib.tpu.ru/cgi-bin/koha/opac-detail.pl?biblionumber=595153

MARC

LEADER 00000naa2a2200000 4500
001 595153
005 20231101131837.0
035 |a (RuTPU)RU\TPU\tpu\14404 
090 |a 595153 
100 |a 20080621a1973 k y0rusy50 ca 
101 0 |a rus 
102 |a RU 
200 1 |a Исследование фотохимических процессов в азидах свинца и таллия методом термостимулированных токов ( ТСТ )  |f В. Л. Щеринский [и др.] 
461 0 |0 (RuTPU)RU\TPU\retro\35395  |t Химия и химическая технология  |o сборник трудов молодых ученых  |f Томский политехнический институт ; под ред. В. П. Лопатинского  |d 1973 
463 0 |0 (RuTPU)RU\TPU\retro\35396  |t Вып. 1  |f под ред. В. П. Лопатинского  |v С. 195  |d 1973  |p 298 с. 
610 1 |a труды учёных ТПУ 
701 1 |a Щеринский  |b В. Л. 
701 1 |a Гаврищенко  |b Ю. В. 
701 1 |a Савельев  |b Г. Г.  |c российский химик  |c профессор Томского политехнического университета  |f 1938-  |g Геннадий Гаврилович  |2 stltpush  |3 (RuTPU)RU\TPU\pers\19860 
701 1 |a Тахтараков  |b А. Н. 
801 1 |a RU  |b 63413507  |c 20080621  |g PSBO 
801 2 |a RU  |b 63413507  |c 20230425  |g PSBO 
942 |c BK